000 00675nam a2200217 i 4500
001 bg
100 1 _aBODUCH, Adam
245 1 0 _aDelphi 7 :
_bkompendium programisty : kompletny przewodnik po najpopularniejszym środowisku programistycznym /
_cAdam Boduch.
260 _aGliwice :
_b"Helion",
_ccop. 2003.
300 _a684 s. :
_bil. ;
_c24 cm +
_eCD ROM.
650 9 _aDelphi
655 _aPodręczniki
020 _a8373610871
040 _cBPK
041 0 _apol
080 _a004.438(07)A/Z
920 _a83-7361-087-1
942 _cKS
008 s pl f |000 0 pol
999 _c43547
_d43547
856 _uhttp://koha.tu.koszalin.pl/cgi-bin/koha/opac-detail.pl?biblionumber=43547
_yKatalog online BPK